| 000 | 00893nam a2200241 i 4500 | ||
|---|---|---|---|
| 001 | 125077 | ||
| 003 | ES-MaACL | ||
| 005 | 20240524110554.0 | ||
| 007 | t| | ||
| 008 | 070503s1933 sp ||||1| spa d | ||
| 080 | _a860.22"19" | ||
| 100 | 1 |
_aAlvear, Enrique de. _921022 |
|
| 245 | 1 | 0 |
_aQuién tiene vergüenza aquí? _b: comedia en tres actos / _cEnrique de Alvear ; dibujos de Gutiérrez Navas. |
| 260 |
_aMadrid : _bRivadeneyra, _c1933. |
||
| 300 |
_a61 p. ; _c17 cm. |
||
| 490 | 1 |
_aLa Farsa ; _v315 |
|
| 500 | _aSe estrenó en el Teatro Victoria de Madrid el día 24 de mayo de 1933. | ||
| 500 | _aCubierta de este número: Carmen Carbonell y Antonio Vico en una escena de Quién tiene vergüenza aquí? | ||
| 700 | 1 |
_aGutiérrez Navas, Manuel, _d1890-1971 _961196 |
|
| 830 | 0 |
_aLa Farsa ; _v315 _9185863 |
|
| 852 |
_aES-MaACL _j2225-F-16 _bR.140786 |
||
| 999 |
_c125077 _d125077 |
||